| 000 | 01550cam a2200385 i 4500 | ||
|---|---|---|---|
| 001 | 16163778 | ||
| 003 | OSt | ||
| 005 | 20230607095811.0 | ||
| 008 | 100330s2009 ko a b f000 0 eng | ||
| 010 | _a 2010401900 | ||
| 040 |
_aDLC _beng _erda _cDLC |
||
| 041 | 1 |
_aeng _hjpn |
|
| 042 | _apcc | ||
| 043 |
_aa-ko--- _aa-ja--- |
||
| 050 | 0 | 0 |
_aDS924.T655 _bP3913 2009 |
| 082 |
_a952.025 _bKOR |
||
| 100 | 1 | _aPak, Pyŏng-sŏp. | |
| 240 | 1 | 0 |
_aTakeshima = Tokuto ronsō. _lEnglish |
| 245 | 1 | 4 |
_aThe Dokdo/Takeshima Controversy _bStudy Based on Historical Materials _cPark Byoung-sup and Naitō Seichū ; translated by the National Assembly Library, Republic of Korea. |
| 264 | 1 |
_aSeoul, Korea : _bNational Assembly Library, _c2009. |
|
| 300 |
_a363 pages : _billustrations ; _c23 cm |
||
| 336 |
_atext _btxt _2rdacontent |
||
| 337 |
_aunmediated _bn _2rdamedia |
||
| 338 |
_avolume _bnc _2rdacarrier |
||
| 500 | _aOriginally published in Japanese (Shinkansha, 2007). Includes the original Japanese text of A Memorandum Concerning the Arrival of a Korean Boat to the Seashore in the 9th Year of the Genroku (1696). | ||
| 650 | 0 |
_aTerritory, National _zKorea (South) |
|
| 650 | 0 |
_aTerritory, National _zJapan. |
|
| 651 | 0 |
_aTok Island (Korea) _xHistory. |
|
| 651 | 0 |
_aTok Island (Korea) _xInternational status. |
|
| 700 | 1 |
_aNaitō, Seichū, _d1929- |
|
| 710 | 2 | _aTaehan Min'guk Kukhoe Tosŏgwan. | |
| 906 |
_a7 _bcbc _corigres _d3 _encip _f20 _gy-nonroman |
||
| 942 |
_2ddc _cBK |
||
| 999 |
_c792 _d792 |
||